| 000 | 01140naa a22003017a 4500 | ||
|---|---|---|---|
| 001 | BR7900274 | ||
| 003 | BR-BrBNA | ||
| 005 | 20240918174308.0 | ||
| 007 | ta | ||
| 008 | 230509b bl.||||| |||| 00| 0 por d | ||
| 040 |
_aBR-BrBNA _bpor _cBiblioteca Nacional de Agricultura |
||
| 041 | _a(Pt) | ||
| 072 |
_aF60 _b0120 |
||
| 090 | _aF60 BR7900274 | ||
| 100 | 1 | _aGutierrez, L.E. | |
| 111 | 1 |
_a11. Reuniao Brasileira de Milho e Sorgo _cPiracicaba, SP (Brazil) _d26 Jul 1976 |
|
| 245 | 1 | _aCarbohidrados soluveis de raizes, parte aerea e substancias de reserva de plantulas de milho (Zea mays, L.)durante a germinacao [Acucar redutor, Analise quimica] | |
| 260 | 3 |
_aPiracicaba, SP (Brasil): _c1978. |
|
| 500 | _aAnais da 11. Reuniao Brasileira de Milho e Sorgo Piracicaba, SP (Brasil): 1978. p. 391-396 (BR7900274-AM)F60 | ||
| 650 | _aMILHO | ||
| 650 | _aGERMINACAO | ||
| 650 | _aCARBOIDRATO | ||
| 650 | _aANALISE QUIMICA | ||
| 650 | _aRAIZ | ||
| 773 | 0 |
_tAnais da 11. Reuniao Brasileira de Milho e Sorgo _wF60 BR7900274 _gPiracicaba, SP (Brasil), 1978. p. 391-396 |
|
| 909 |
_a202404 _bLucia _c55 _dLucia Elande |
||
| 942 |
_cAM _2AGRIS |
||
| 999 |
_c310189 _d310189 |
||